[Event "Tourn. n7882"]
[Site "www.chess-mail.com"]
[Date "2014.12.28"]
[Round "1"]
[White "Falcoale"]
[Black "Generalfree"]
[WhiteElo "2070"]
[BlackElo "1870"]
[Result "0-1"]
[Round "1"]
1.e4 e5
2.Ng1f3 Nb8c6
3.Bf1b5 Ng8e7
4.Nb1c3 a6
5.Bb5a4 b5
6.Ba4b3 d6
7.Nf3g5 Bc8e6
8.Bb3xe6 fxe6
9.Ng5xe6 Qd8d7
10.Ne6xf8 Rh8xf8
11.O-O g6
12.Nc3d5 Ne7xd5
13.exd5 Nc6e7
14.d4 Ne7xd5
15.Rf1e1 Qd7e6
16.Bc1h6 Rf8f6
17.dxe5 dxe5
18.Bh6f4 Rf6xf4
19.Re1e2 O-O-O
20.Qd1e1 Rd8e8
21.a4 bxa4
22.g3 Rf4c4
23.Re2e4 Rc4xe4
24.Qe1xe4 Qe6c6
25.Ra1xa4 Re8e6
26.Ra4c4 Qc6b5
27.b3 Nd5f6
28.Qe4a8 Kd7
29.Qa8f8 Nf6e8
30.Qf8f3 Re6c6
31.Qf3f7 Kd8
32.Qf7xh7 Rc6xc4
33.bxc4 Qb5b1
34.Kg2 Qb1xc2
35.Qh7f7 c6
36.Qf7e6 Qc2a4
37.Qe6xe5 Qa4xc4
38.Qe5g5 Kd7
39.Qg5xg6 Qc4d5
40.Kg1 a5
41.h4 a4
42.Qg6b1 Qd5b5
43.Qb1d1 Kc7
44.Qd1d4 c5
45.Qd4e5 Ne8d6
46.Qe5e7 Kc6
47.h5 Qb5b2
48.Qe7a7 Qb2a1
49.Kg2 Kd5
50.Qa7a8 Kc4
51.Qa8a6 Nd6b5
52.Qa6e6 Kb4
53.h6 Qa1h8
54.Qe6g6 a3
55.h7 a2
56.Qg6g4 c4
{ resign }
0-1

[Event "Match"]
[Site "www.echecsemail.com"]
[Date "2014.12.28"]
[Round "1"]
[White "Zazi"]
[Black "Joskov"]
[WhiteElo "1550"]
[BlackElo "1479"]
[Result "1-0"]
[Round "1"]
1.d4 d5
2.e3 c5
3.dxc5 e6
4.b4 Ng8f6
5.Bf1d3 Nf6d7
6.Ng1f3 a5
7.Bc1a3 Nb8c6
8.b5 Nc6b4
9.c3 Nb4xd3
10.Qd1xd3 Nd7xc5
11.Qd3c2 Bf8d6
12.O-O b6
13.g3 Nc5e4
14.Nf3d4 Bc8d7
15.Qc2b2 Ra8c8
16.f3 Ne4c5
17.Qb2d2 e5
18.Nd4c6 Qd8c7
19.Qd2xd5 Bd7e6
20.Qd5d1 Be6c4
21.Rf1f2 Bc4xb5
22.Nc6a7 Bb5a4
23.Qd1d5 Rc8d8
24.Qd5c4 Qc7xa7
25.Ba3xc5 b5
26.Bc5xa7 bxc4
27.Nb1d2 Rd8a8
28.Nd2xc4 Bd6c7
29.Ba7b6 Ra8c8
30.Ra1b1 O-O
31.Rf2d2 Rf8d8
32.Rd2xd8 Bc7xd8
33.Bb6xd8 Rc8xd8
34.Nc4xa5 g5
35.g4 Rd8d3
36.Rb1c1 Rd3xe3
37.Kf2 Re3d3
38.Ke2 Rd3d5
39.Na5b7 Kg7
40.c4 Rd5d4
41.c5 Ba4b5
42.Ke3 Bb5d7
43.c6 Bd7c8
44.Nb7c5 Kf6
45.a4 Ke7
46.a5 Kd6
47.Nc5b7 Kc7
48.a6 Rd4a4
49.Nb7c5 Ra4a5
50.Ke4 Kb6
51.Nc5d7 Kxa6
52.Rc1b1 Ra5b5
53.Rb1xb5 Kxb5
54.Kd5 Ka6
55.Kxe5 Ka7
56.Kf6 Bc8a6
57.Kxg5 Ba6b5
58.Nd7e5 Kb6
59.Kf6 Bb5xc6
60.Ne5xc6 Kxc6
61.Kxf7 Kd5
62.Kf6 Kd4
63.f4 Ke4
64.f5 Kf4
65.Kg7 { resign }
1-0

[Event "Match"]
[Site "www.echecsemail.com"]
[Date "2014.12.28"]
[Round "1"]
[White "Gilliere"]
[Black "Hardland"]
[WhiteElo "1810"]
[BlackElo "1790"]
[Result "1-0"]
[Round "1"]
1.e4 c5
2.Ng1f3 d6
3.h3 Ng8f6
4.d3 g6
5.Nb1d2 Bf8g7
6.Bf1e2 O-O
7.O-O Nb8c6
8.a3 b6
9.Nf3h2 Nc6d4
10.Be2f3 Bc8b7
11.Nd2b3 Nd4xb3
12.cxb3 Nf6d7
13.Bf3g4 Nd7e5
14.Ra1b1 Ne5c6
15.Bc1e3 d5
16.exd5 Qd8xd5
17.Bg4f3 Qd5e6
18.d4 Rf8d8
19.b4 Bg7xd4
20.Be3xd4 Rd8xd4
21.Qd1e1 Qe6d7
22.bxc5 bxc5
23.Qe1c3 Bb7a6
24.Rf1e1 Qd7d6
25.Bf3xc6 Qd6xc6
26.Re1xe7 Ba6b7
27.f3 Bb7a6
28.Nh2g4 Ra8e8
29.Re7xe8 Qc6xe8
30.Ng4f6 { resign }
1-0

[Event "Match"]
[Site "www.echecsemail.com"]
[Date "2014.12.28"]
[Round "1"]
[White "Guidom"]
[Black "Generalfree"]
[WhiteElo "2030"]
[BlackElo "1810"]
[Result "1-0"]
[Round "1"]
1.e4 Ng8f6
2.Nb1c3 e5
3.Bf1c4 Bf8c5
4.Ng1f3 Nf6g4
5.O-O d6
6.d4 exd4
7.Nf3xd4 Qd8f6
8.Nd4f3 Bc8e6
9.Bc4xe6 fxe6
10.Bc1g5 Qf6f7
11.h3 Ng4e5
12.Nf3xe5 Qf7f8
13.Ne5d3 { resign }
1-0

[Event "Match"]
[Site "www.echecsemail.com"]
[Date "2014.12.28"]
[Round "1"]
[White "Fractal"]
[Black "Joseph1983"]
[WhiteElo "1980"]
[BlackElo "2190"]
[Result "0-1"]
[Round "1"]
1.e4 d6
2.d4 Ng8f6
3.f3 g6
4.c4 Bf8g7
5.Nb1c3 O-O
6.Bf1d3 c5
7.d5 Nb8a6
8.a3 e6
9.Ng1e2 exd5
10.cxd5 Na6c7
11.O-O a6
12.Bc1f4 Nf6h5
13.Bf4e3 f5
14.Qd1d2 Qd8e7
15.exf5 Bc8xf5
16.Ra1d1 Bf5xd3
17.Qd2xd3 Ra8e8
18.Be3f2 Nh5f4
19.Ne2xf4 Rf8xf4
20.Rf1e1 Qe7d7
21.Re1xe8 Qd7xe8
22.Rd1e1 Qe8f7
23.Re1e4 Bg7xc3
24.bxc3 Qf7xd5
25.Qd3xd5 Nc7xd5
26.c4 Rf4xe4
27.fxe4 Nd5b6
28.e5 dxe5
29.Bf2xc5 Nb6xc4
30.Kf1 Kf7
31.Ke2 Ke6
32.Kd3 Nc4d6
33.g4 Kd5
34.Bc5b4 Nd6c4
35.Bb4e7 e4
36.Kc3 Nc4e5
37.g5 Ne5f3
38.h3 Nf3g1
{ resign }
0-1

[Event "Match"]
[Site "www.echecsemail.com"]
[Date "2014.12.28"]
[Round "1"]
[White "Desiderio"]
[Black "Darknight"]
[WhiteElo "2040"]
[BlackElo "1800"]
[Result "1-0"]
[Round "1"]
1.d4 d5
2.c4 e6
3.Nb1c3 Bf8b4
4.a3 Bb4xc3
5.bxc3 h6
6.Ng1f3 f6
7.e3 Qd8e7
8.cxd5 exd5
9.c4 Bc8e6
10.c5 c6
11.Ra1b1 g5
12.Qd1b3 Be6c8
13.Qb3c2 Qe7f7
14.Bf1d3 Ng8e7
15.a4 a6
16.a5 b5
17.axb6 Bc8b7
18.O-O f5
19.Nf3e5 Qf7f6
20.f3 Nb8d7
21.Ne5xd7 Kxd7
22.Kh1 h5
23.e4 f4
24.exd5 Ne7xd5
25.Bd3e4 Nd5e7
26.Bc1b2 Rh8h6
27.d5 Qf6f7
28.dxc6 Ne7xc6
29.Rf1d1 Ke8
30.Rd1e1 Kf8
31.Rb1d1 g4
32.Be4d5 Nc6b4
33.Bd5xf7 Nb4xc2
34.Re1e5 gxf3
35.Bf7d5 Nc2e3
36.Bd5xb7 Ne3xd1
37.Bb7xa8 f2
38.Re5f5 Ke7
39.Rf5xf4 Rh6e6
40.h3 Re6e1
41.Kh2 f1Q
42.Rf4xf1 Re1xf1
43.b7 Rf1f8
44.Bb2e5 Ke6
45.b8Q Rf8xb8
46.Be5xb8 Nd1c3
47.c6 Nc3b5
48.c7 Nb5d6
49.Ba8b7 a5
50.c8Q Nd6xc8
51.Bb7xc8 Kd5
52.Bc8f5 a4
53.Bf5b1 a3
54.Bb1a2 Kc5
55.Kg3 h4
56.Kxh4 Kb4
57.g4 Kc3
58.g5 Kb2
59.Ba2f7 a2
60.Bf7xa2 Kxa2
61.g6 { resign }
1-0

[Event "Match"]
[Site "www.echecsemail.com"]
[Date "2014.12.28"]
[Round "1"]
[White "Cardiff"]
[Black "Joseph1983"]
[WhiteElo "2120"]
[BlackElo "2190"]
[Result "0-1"]
[Round "1"]
1.d4 Ng8f6
2.c4 g6
3.Nb1c3 d5
4.Bc1f4 Bf8g7
5.cxd5 Nf6xd5
6.Nc3xd5 Qd8xd5
7.e3 O-O
8.Ng1f3 c5
9.Bf1e2 Nb8c6
10.O-O cxd4
11.exd4 Nc6xd4
12.Rf1e1 Nd4xe2
13.Qd1xe2 Bc8g4
14.Qe2xe7 Bg4xf3
15.gxf3 Qd5xf3
16.Bf4g3 Qf3c6
17.Ra1c1 Qc6b5
18.b3 Rf8e8
19.Qe7d6 Re8xe1
20.Rc1xe1 Qb5a5
21.Re1e2 Ra8d8
22.Qd6e7 Rd8d1
23.Kg2 Qa5d5
24.f3 Bg7d4
25.Qe7e8 Kg7
26.Re2e7 Rd1g1
27.Kh3 Qd5f5
{ resign }
0-1

[Event "Match"]
[Site "www.echecsemail.com"]
[Date "2014.12.28"]
[Round "1"]
[White "Apdash"]
[Black "Comrade"]
[WhiteElo "2110"]
[BlackElo "2170"]
[Result "1-0"]
[Round "1"]
1.d4 d5
2.Ng1f3 e6
3.c4 dxc4
4.Nb1c3 Ng8f6
5.e4 Bf8b4
6.e5 Nf6e4
7.Qd1c2 Qd8d5
8.Bc1d2 Ne4xc3
9.bxc3 Bb4e7
10.a4 Bc8d7
11.Bf1e2 Nb8c6
12.O-O h6
13.Bd2e3 Nc6a5
14.Nf3d2 a6
15.Be2f3 { resign }
1-0

[Event "Match"]
[Site "www.echecsemail.com"]
[Date "2014.12.28"]
[Round "1"]
[White "Pinehill"]
[Black "Pablincho"]
[WhiteElo "1670"]
[BlackElo "1890"]
[Result "1-0"]
[Round "1"]
1.e4 e6
2.d4 d6
3.Ng1f3 Ng8f6
4.Bc1g5 h6
5.Bg5xf6 Qd8xf6
6.c3 b6
7.Bf1d3 Nb8c6
8.O-O e5
9.Bd3b5 Bc8d7
10.d5 Nc6b8
11.Bb5xd7 Nb8xd7
12.Nb1d2 Bf8e7
13.Qd1a4 a5
14.Qa4c6 Ra8c8
15.a4 Be7d8
16.Rf1e1 Qf6e7
17.Nd2c4 O-O
18.b4 axb4
19.cxb4 Nd7b8
20.Qc6b7 Qe7d7
21.Nc4xe5 dxe5
22.Nf3xe5 Qd7d6
23.Qb7xc8 Qd6xe5
24.Qc8xb8 Bd8e7
25.Qb8b7 Be7xb4
26.Re1c1 Bb4d6
27.f3 Qe5xh2
28.Kf2 Bd6g3
29.Ke2 Qh2xg2
30.Ke3 Qg2f2
31.Kd3  { time }
1-0

[Event "Match"]
[Site "www.echecsemail.com"]
[Date "2014.12.28"]
[Round "1"]
[White "Krystek23"]
[Black "Andersspike"]
[WhiteElo "2360"]
[BlackElo "1779"]
[Result "1-0"]
[Round "1"]
1.c4 Ng8f6
2.Nb1c3 g6
3.Ng1f3 Bf8g7
4.d4 O-O
5.e4 d6
6.Bf1e2 Nb8a6
7.O-O e5
8.d5 Na6c5
9.Bc1g5 h6
10.Bg5xf6 Qd8xf6
11.b4 Nc5d7
12.h3 Qf6e7
13.a3 f5
14.Qd1c2 Nd7f6
15.Nf3h4 Qe7e8
16.Be2d3 Bc8d7
17.c5 f4
18.Rf1c1 Kh7
19.Nh4f3  { time }
1-0

[Event "Match"]
[Site "www.echecsemail.com"]
[Date "2014.12.28"]
[Round "1"]
[White "Pablincho"]
[Black "Generalfree"]
[WhiteElo "1920"]
[BlackElo "1760"]
[Result "0-1"]
[Round "1"]
1.e4 e5
2.Ng1f3 d6
3.Bf1c4 h6
4.O-O a6
5.a4 Ng8f6
6.d3 Bc8g4
7.h3 Bg4xf3
8.Qd1xf3 g5
9.Nb1c3 c6
10.Bc1d2 Bf8e7
11.Qf3f5 Qd8d7
12.b4 d5
13.Bc4b3 d4
14.Nc3e2 Qd7xf5
15.exf5 g4
16.Ne2g3 gxh3
17.gxh3 h5
18.f3 Rh8g8
19.Kh2 h4
20.Ng3e4 Nb8d7
21.Rf1g1 Rg8xg1
22.Ra1xg1 Nf6xe4
23.fxe4 f6
24.Bb3e6 O-O-O
25.Rg1g7 Rd8e8
26.c3 Kd8
27.Rg7h7 Nd7f8
28.Rh7xh4 Nf8xe6
29.fxe6 Be7f8
 { time }
0-1

[Event "Match"]
[Site "www.echecsemail.com"]
[Date "2014.12.28"]
[Round "1"]
[White "Ivano"]
[Black "Darknight"]
[WhiteElo "1890"]
[BlackElo "1800"]
[Result "1-0"]
[Round "1"]
1.d4 d5
2.c4 e6
3.Nb1c3 h6
4.Ng1f3 a6
5.cxd5 exd5
6.Bc1f4 Bf8b4
7.e3 Ng8f6
8.Bf1d3 g6
9.O-O Bc8g4
10.h3 Bg4xf3
11.Qd1xf3 g5
12.Bf4e5 Bb4e7
13.e4 dxe4
14.Nc3xe4 Nf6xe4
15.Bd3xe4 f6
16.Be4g6 Kf8
17.Qf3xb7 Nb8d7
18.Qb7f3 Kg7
19.Bg6e4 Ra8b8
20.Be5h2 Qd8e8
21.Bh2xc7 Rb8c8
22.Ra1c1 Qe8f8
23.Qf3f5 Qf8f7
24.Qf5xd7 Rc8e8
25.Be4d5 Qf7g6
26.Bc7d6 Kf8
27.Bd6xe7 Re8xe7
28.Rc1c8 Re7e8
29.Qd7d6 Kg7
30.Rc8c7 { resign }
1-0

[Event "Match"]
[Site "www.echecsemail.com"]
[Date "2014.12.28"]
[Round "1"]
[White "Reanna"]
[Black "Generalfree"]
[WhiteElo "1700"]
[BlackElo "1770"]
[Result "0-1"]
[Round "1"]
1.c4 c5
2.g3 g6
3.Bf1g2 Bf8g7
4.Ng1f3 e5
5.O-O f5
6.d3 Nb8c6
7.Nb1c3 d6
8.Nc3d5 h6
9.Ra1b1 g5
10.h3 Ng8f6
11.a3 g4
12.Nf3h4 gxh3
13.Bg2xh3 Nf6xd5
14.cxd5 Nc6e7
15.e4 Bg7f6
16.Nh4xf5 Ne7xf5
17.exf5 b5
18.Qd1h5 Ke7
19.Bc1xh6 Kd7
20.Qh5f7 Qd8e7
21.Qf7e6 Kd8
22.Qe6xe7 Kxe7
23.Kg2 Rh8xh6
24.Rf1h1 Bc8b7
25.b4 Bb7xd5
26.f3 cxb4
27.Rb1xb4 Bd5c6
28.g4 a5
29.Rb4b1 b4
30.axb4 axb4
31.Rb1xb4 Ra8a2
32.Kg3 Bf6h4

0-1

[Event "Match"]
[Site "www.echecsemail.com"]
[Date "2014.12.28"]
[Round "1"]
[White "Generalfree"]
[Black "Preacher59"]
[WhiteElo "2030"]
[BlackElo "2020"]
[Result "0-1"]
[Round "1"]
1.e4 e6
2.d4 d5
3.e5 c5
4.Ng1f3 a6
5.Bc1d2 Nb8c6
6.dxc5 Bf8xc5
7.Bd2g5 Qd8c7
8.Qd1e2 Nc6d4
9.Nf3xd4 Bc5xd4
10.c3 Bd4xe5
11.f4 Be5xf4
12.Bg5xf4 Qc7xf4
13.Nb1d2 Ng8f6
14.g3 Qf4d6
15.O-O-O Bc8d7
16.b3 b5
17.b4 Bd7c6
18.Bf1g2 O-O
19.Rh1f1 a5
20.a3 axb4
21.axb4 Ra8a2
22.Kb1 Rf8a8
23.Nd2b3 Ra2xe2
24.Bg2f3 Re2xh2
{ resign }
0-1

[Event "1/128 Finale"]
[Site "www.chess-mail.com"]
[Date "2014.12.28"]
[Round "1"]
[White "Passaroa25"]
[Black "Henryyu"]
[WhiteElo "1550"]
[BlackElo "1199"]
[Result "1-0"]
[Round "1"]
1.d3 d5
2.Bc1e3 e5
3.f3 Qd8h4
4.Be3f2 Qh4b4
5.Nb1d2 Qb4xb2
6.Nd2b3 Qb2c3
7.Nb3d2 Nb8c6
8.e3 Ng8f6
9.Ng1e2 Nc6b4
10.Ne2xc3 Bf8c5
11.Nc3a4 Bc5d6
12.c3 Nb4c6
13.Na4b2 O-O
14.Bf1e2 Bc8e6
15.O-O Rf8d8
16.e4 d4
17.Nd2c4 dxc3
18.Nb2a4 Bd6b4
19.a3 b5
20.axb4 Be6xc4
21.Na4c5 Nc6d4
22.dxc4 Nd4xf3
23.Be2xf3 Rd8xd1
24.Ra1xd1 c6
25.Nc5b7 a6
26.Rd1d8 Ra8xd8
27.Nb7xd8 bxc4
28.Nd8xc6 { resign }
1-0

[Event "1/128 Finale"]
[Site "www.chess-mail.com"]
[Date "2014.12.28"]
[Round "1"]
[White "Faerieking"]
[Black "Passaroa25"]
[WhiteElo "1499"]
[BlackElo "1540"]
[Result "1-0"]
[Round "1"]
1.e4 e5
2.Ng1f3 d6
3.Nb1c3 Bc8e6
4.d4 f6
5.dxe5 dxe5
6.Qd1xd8 Kxd8
7.Bc1e3 Nb8d7
8.O-O-O Bf8d6
9.Nc3d5 Ng8e7
10.Bf1c4 c6
11.Nd5xe7 Be6xc4
12.Ne7xc6 bxc6
13.Rd1xd6 Bc4e2
14.Rh1e1 Be2c4
15.b3 Bc4b5
16.c4 Bb5a6
17.Re1d1 Ba6c8
18.Rd6xc6 Ke7
19.Nf3h4 g6
20.f4 Rh8d8
21.Rc6c7 a5
22.fxe5 Ke6
23.exf6 Kxf6
24.Nh4f3 Ra8b8
25.Be3g5 Ke6
26.Bg5xd8 Rb8b7
27.Rc7xc8 h5
28.Rc8c6 Kf7
29.Nf3g5 Ke8
30.Bd8xa5 Rb7b8
31.Rc6e6 Kf8
32.Rd1xd7 Rb8e8
33.Ng5h7 { resign }
1-0

[Event "Eq:Slap Shot Mates-Clubul Central de Sah : "]
[Site "www.chess-mail.com"]
[Date "2014.12.28"]
[Round "1"]
[White "Pispindroi"]
[Black "Mustaphly"]
[WhiteElo "2640"]
[BlackElo "2640"]
[Result "1-0"]
[Round "1"]
1.d4 d5
2.c4 e6
3.Nb1c3 Ng8f6
4.Bc1g5 Nb8d7
5.e3 c6
6.Ng1f3 Qd8a5
7.Nf3d2 Bf8b4
8.Qd1c2 O-O
9.Bf1e2 e5
10.O-O exd4
11.Nd2b3 Qa5c7
12.Nb3xd4 dxc4
13.Be2xc4 Bb4xc3
14.bxc3 Qc7e5
15.Nd4f3 Qe5c5
16.Bc4d3 h6
17.Bg5f4 Nf6d5
18.c4 Nd5xf4
19.exf4 Qc5d6
20.g3 Nd7c5
21.Bd3h7 Kh8
22.Bh7f5 Bc8xf5
23.Qc2xf5 Ra8d8
24.Rf1d1 Qd6xd1
25.Ra1xd1 Rd8xd1
26.Kg2 b6
27.Nf3e5 Kg8
28.Ne5xc6 Rd1d7
29.Qf5e5 f6
30.Qe5e2 Rd7c7
31.Nc6e7 Kf7
32.Ne7d5 Rc7d7
33.h4 Rf8c8
34.Qe2h5 Kg8
35.Qh5g6 Rc8f8
36.g4 Nc5e6
37.Kg3 Rd7d6
38.Nd5e7 Kh8
39.Qg6h5 Rd6d4
40.Ne7g6 Kg8
41.Ng6xf8 Kxf8
42.Qh5f5 Ke7
43.Qf5c2 Ke8
44.Qc2a4 Rd4d7
45.Qa4c6 Ke7
46.f3 Ne6c5
47.a4 Nc5b3
48.g5 hxg5
49.fxg5 fxg5
50.hxg5 Nb3c5
51.a5 Nc5e6
52.axb6 axb6
53.f4 Rd7d3
54.Kg4 Rd3d6
55.Qc6b7  { time }
1-0

[Event "Eq:Cats in the rain-chibcha : "]
[Site "www.chess-mail.com"]
[Date "2014.12.28"]
[Round "1"]
[White "Pablincho"]
[Black "Uliczny2"]
[WhiteElo "1910"]
[BlackElo "1630"]
[Result "1-0"]
[Round "1"]
1.e4 e5
2.Ng1f3 Nb8c6
3.d4 exd4
4.Nf3xd4 Qd8h4
5.Nd4xc6 Qh4xe4
6.Qd1e2 Qe4xe2
7.Bf1xe2 dxc6
8.O-O Bf8d6
9.Rf1e1 Bc8e6
10.f4 Bd6c5
11.Kh1 O-O-O
12.c3 Ng8f6
13.h3 Rh8e8
14.b4 Bc5b6
15.Be2f3 Be6xh3
16.Re1xe8 Rd8xe8
17.Bc1d2 Bh3f5
18.Nb1a3 Bb6e3
19.Na3c4 Be3xd2
20.Nc4xd2 Nf6d5
21.Ra1c1 Nd5xf4
22.Nd2c4 Bf5e4
23.Rc1e1 f5
24.Nc4d2 Kd7
25.Bf3xe4 fxe4
26.Re1xe4 Re8xe4
27.Nd2xe4 Ke7
28.Kh2 h6
29.Ne4g3 { time. }
1-0

[Event "Eq:SIETE ESTRELLAS VERDES-CONFOEDERATIONIS HELVETICAE : "]
[Site "www.chess-mail.com"]
[Date "2014.12.28"]
[Round "1"]
[White "Bigrezi"]
[Black "Caspito"]
[WhiteElo "1900"]
[BlackElo "1870"]
[Result "0-1"]
[Round "1"]
1.e4 e5
2.Ng1f3 Nb8c6
3.Bf1b5 Nc6d4
4.Nf3xd4 exd4
5.d3 a6
6.Bb5c4 Qd8f6
7.O-O Bf8c5
8.a3 Ng8h6
9.Nb1d2 c6
10.Nd2f3 b5
11.Bc4a2 O-O
12.Bc1g5 Qf6g6
13.Qd1d2 d6
14.b4 Bc5b6
15.Nf3h4 Qg6h5
16.f4 Bb6d8
17.Nh4f3 Nh6g4
18.h3 Ng4e3
19.Rf1f2 c5
20.c3 a5
21.cxd4 cxd4
22.Nf3xd4 Ne3xg2
23.Rf2xg2 Bc8xh3
24.Rg2h2 axb4
25.axb4 Ra8a3
26.Nd4f5 Qh5g4
27.Kh1 Qg4f3
28.Kg1 Ra3xd3
29.Qd2f2 Qf3g4
30.Kh1 Rd3d1
{ resign }
0-1

[Event "Fast Game"]
[Site "www.echecsemail.com"]
[Date "2014.12.28"]
[Round "1"]
[White "Fkarpov"]
[Black "Attatroll"]
[WhiteElo "1830"]
[BlackElo "1800"]
[Result "1-0"]
[Round "1"]
1.e4 b6
2.d4 Bc8b7
3.Bf1d3 f5
4.d5 Ng8f6
5.Nb1c3 g6
6.exf5 Nf6xd5
7.fxg6 Nd5xc3
8.Qd1h5 Bf8g7
9.gxh7 Kf8
10.Qh5f5 Bg7f6
11.Bc1h6 Kf7
12.Qf5g6 Ke6
13.bxc3 Nb8c6
14.Ng1f3 Qd8e8
15.Bd3f5 Kd6
16.O-O-O Kc5
17.Bh6e3 Kb5
18.Rd1d5 Ka4
19.Qg6g4 { resign }
1-0

[Event "Tourn. n7889"]
[Site "www.chess-mail.com"]
[Date "2014.12.29"]
[Round "1"]
[White "Sontuozio"]
[Black "Buliland"]
[WhiteElo "2280"]
[BlackElo "2620"]
[Result "0-1"]
[Round "1"]
1.d4 c5
2.e3 cxd4
3.exd4 d5
4.Ng1f3 Nb8c6
5.c3 Qd8c7
6.Bf1d3 Bc8g4
7.Bd3b5 e6
8.Nb1d2 Ng8f6
9.Qd1a4 Bf8d6
10.O-O O-O
11.Bb5xc6 bxc6
12.Rf1e1 c5
13.Nf3e5 Bg4f5
14.Nd2f3 Rf8c8
15.Bc1e3 h6
16.Ra1c1 Nf6e4
17.Ne5d3 c4
18.Nd3b4 a5
19.Nb4c2 Rc8b8
20.Rc1b1 Rb8xb2
21.Rb1xb2 Ne4xc3
22.Re1b1 Nc3xa4
23.Rb2b7 Qc7c8
24.Nf3e1 Bd6b4
{ resign }
0-1

[Event "Tourn. n7918"]
[Site "www.chess-mail.com"]
[Date "2014.12.29"]
[Round "1"]
[White "Kozakliuty"]
[Black "Faerieking"]
[WhiteElo "1500"]
[BlackElo "1499"]
[Result "0-1"]
[Round "1"]
1.e3 e5
2.b3 d5
3.Bc1b2 Nb8d7
4.d3 f5
5.Nb1d2 Ng8f6
6.g3 Bf8d6
7.Bf1g2 O-O
8.Ng1e2 c6
9.O-O e4
10.d4 g5
11.c4 f4
12.h3 { time. }
0-1

[Event "Tourn. n7517"]
[Site "www.chess-mail.com"]
[Date "2014.12.29"]
[Round "1"]
[White "Cardiff"]
[Black "Pablincho"]
[WhiteElo "1990"]
[BlackElo "1950"]
[Result "1-0"]
[Round "1"]
1.e4 e6
2.d4 d5
3.exd5 Qd8xd5
4.c4 Qd5d8
5.Ng1f3 h6
6.Nb1c3 Nb8d7
7.Bf1e2 Bf8b4
8.O-O Ng8f6
9.Qd1c2 c6
10.a3 Bb4e7
11.Be2d3 Qd8c7
12.h3 b6
13.b4 a6
14.Bc1b2 Bc8b7
15.Ra1c1 c5
16.dxc5 bxc5
17.bxc5 Bb7xf3
18.gxf3 Qc7xc5
19.Nc3e4 Qc5h5
20.Kg2 Nd7e5
21.Bb2xe5 Qh5xe5
22.Ne4xf6 Qe5xf6
23.Bd3e4 Ra8a7
24.Be4c6 Kf8
25.Rc1d1 g6
26.Bc6e4 Be7xa3
27.c5 Ba3b2
28.c6 Kg7
29.Rd1d7 Ra7xd7
30.cxd7 Bb2e5
31.Rf1d1 Qf6d8
32.Qc2c5 Be5c7
33.Be4b7 a5
34.Bb7c8 Bc7b6
35.Qc5c3 Kh7
36.Qc3c6 Qd8g5
37.Kf1 Bb6d8
38.Qc6c1 Qg5f5
39.Kg2 Rh8g8
40.Qc1c4 g5
41.Rd1a1 Qf5e5
42.Ra1b1 f5
43.Rb1b5 Qe5a1
44.Qc4xe6 f4
45.Rb5f5 a4
46.Rf5f7 Rg8g7
47.Qe6f5 Kh8
48.Rf7f8 Rg7g8
49.Rf8xg8 Kxg8
50.Qf5e6 Kh7
51.Qe6f5 Kg7
52.Bc8b7 Qa1f6
53.Qf5xf6 Bd8xf6
54.Bb7d5 a3
55.Kf1 Kf8
56.Ke1 Ke7
57.Kd2 Kxd7
58.Kc2 Kd6
59.Bd5a2 Kc5
60.Kb3 Bf6b2
61.Kc2 Kd4
62.Ba2f7 Bb2c3
63.Bf7a2 Bc3b4
64.Kd1 Kc3
65.Kc1 Bb4c5
66.Kd1 Bc5xf2
67.Ke2 Bf2e3
{ time. }
1-0

[Event "Tourn. n7896"]
[Site "www.chess-mail.com"]
[Date "2014.12.29"]
[Round "1"]
[White "Cardiff"]
[Black "Sontuozio"]
[WhiteElo "2020"]
[BlackElo "2270"]
[Result "0-1"]
[Round "1"]
1.e4 e6
2.d4 d5
3.Nb1c3 dxe4
4.Nc3xe4 Nb8d7
5.Ng1f3 Ng8f6
6.Bc1g5 Bf8e7
7.Bg5xf6 Nd7xf6
8.Bf1d3 O-O
9.Qd1e2 Nf6xe4
10.Qe2xe4 f5
11.Qe4e2 Be7f6
12.c3 Rf8e8
13.O-O a6
14.Nf3e5 c5
15.dxc5 Bf6xe5
{ resign }
0-1

[Event "Tourn. n7881"]
[Site "www.chess-mail.com"]
[Date "2014.12.29"]
[Round "1"]
[White "Falcoale"]
[Black "Julian"]
[WhiteElo "2070"]
[BlackElo "2040"]
[Result "1-0"]
[Round "1"]
1.e4 g6
2.d4 Bf8g7
3.Ng1f3 c5
4.d5 d6
5.c3 Nb8d7
6.Bf1b5 a6
7.Bb5a4 b5
8.Ba4c2 Ng8h6
9.Bc1g5 f6
10.Bg5h4 Nh6f7
11.Nb1d2 O-O
12.O-O Nd7e5
13.Nf3xe5 Nf7xe5
14.f4 Ne5f7
15.Ra1b1 e6
16.f5 exf5
17.exf5 g5
18.Bh4g3 Nf7e5
19.Bc2e4 c4
20.b3 Bc8b7
21.Nd2f3 h5
22.Nf3d4 Qd8b6
23.Bg3f2 Qb6a5
24.Nd4e6 Rf8f7
25.Qd1xh5 Bb7c8
26.b4 Qa5xa2
27.Ne6d8 Rf7e7
28.h4 Ne5d3
29.Nd8e6 Bc8xe6
30.fxe6 Nd3f4
31.Qh5f3 Ra8f8
32.h5 f5
33.Rb1a1 fxe4
34.Qf3xe4 Nf4d3
35.Ra1xa2 { resign }
1-0

[Event "Tourn. n7890"]
[Site "www.chess-mail.com"]
[Date "2014.12.29"]
[Round "1"]
[White "Osopanda"]
[Black "Andreachess"]
[WhiteElo "1910"]
[BlackElo "1970"]
[Result "1-0"]
[Round "1"]
1.c4 Ng8f6
2.d4 e6
3.Nb1c3 Bf8b4
4.f3 d5
5.a3 Bb4xc3
6.bxc3 O-O
7.e3 c6
8.Bf1d3 Qd8b6
9.Ra1b1 Qb6a5
10.Ng1e2 Nb8d7
11.O-O c5
12.e4 Nd7b6
13.cxd5 exd5
14.e5 Nf6d7
15.Rb1b5 Qa5a6
16.Rb5xc5 Nd7xc5
17.Bd3xa6 Nc5xa6
18.f4 Nb6c4
19.Qd1d3 Na6c7
20.f5 f6
21.e6 b6
22.Ne2f4 Bc8a6
23.Qd3g3 Nc7e8
24.Nf4xd5 Nc4d6
25.Rf1f4 Ba6c4
26.Nd5e7 Kh8
27.Rf4h4 Nd6c8
28.Rh4xh7 Kxh7
29.Qg3h4 
1-0

[Event "Tourn. n7901"]
[Site "www.chess-mail.com"]
[Date "2014.12.29"]
[Round "1"]
[White "Fred"]
[Black "Falcoale"]
[WhiteElo "1910"]
[BlackElo "2060"]
[Result "1-0"]
[Round "1"]
1.e4 c5
2.f4 Nb8c6
3.Ng1f3 e6
4.c3 b6
5.Bf1b5 Bc8b7
6.d3 a6
7.Bb5a4 d5
8.exd5 exd5
9.Nf3e5 Ra8c8
10.Qd1e2 Bf8e7
11.d4 Ng8f6
12.O-O b5
13.Ba4c2 cxd4
14.Ne5xc6 Bb7xc6
15.Nb1d2 O-O
16.Nd2f3 dxc3
17.Nf3e5 Bc6b7
18.bxc3 Rf8e8
19.Bc1b2 Rc8c7
20.Ra1d1 Be7d6
21.c4 dxc4
22.Qe2f2 Bd6c5
23.Bb2d4 Bc5xd4
24.Rd1xd4 Qd8a8
25.Bc2f5 c3
26.Qf2c2 a5
27.Rf1d1 b4
28.Ne5c4 g6
29.Nc4d6 gxf5
30.Nd6xe8 Nf6xe8
31.Qc2xf5 c2
32.Rd1c1 Ne8g7
33.Qf5g5 Rc7c8
34.Rc1xc2 Rc8e8
35.Rc2f2 Qa8c8
36.f5 Qc8c3
37.Rd4f4 Re8e5
38.h3 Kf8
39.Qg5h6 Re5e1
40.Kh2 Ke7
41.f6 Ke6
42.fxg7 { resign }
1-0

[Event "Tourn. n7899"]
[Site "www.chess-mail.com"]
[Date "2014.12.29"]
[Round "1"]
[White "Falcoale"]
[Black "Vite"]
[WhiteElo "2070"]
[BlackElo "2040"]
[Result "0-1"]
[Round "1"]
1.e4 c6
2.Ng1f3 d5
3.exd5 cxd5
4.d4 Bc8g4
5.h3 Bg4h5
6.Bc1f4 e6
7.Bf1b5 Nb8d7
8.Qd1d3 Bh5g6
9.Qd3d2 Ng8f6
10.Nb1c3 a6
11.Bb5e2 Bf8e7
12.O-O-O O-O
13.g3 b5
14.Nf3e5 Nd7xe5
15.Bf4xe5 b4
16.Nc3a4 Nf6e4
17.Qd2e1 Qd8c8
18.Na4b6 Qc8c6
19.Be2d3 Qc6xb6
20.f3 Ne4d6
21.g4 Bg6xd3
22.Rd1xd3 Rf8c8
23.Be5xd6 Be7xd6
24.b3 Rc8c7
25.Rh1f1 Ra8c8
26.Rf1f2 Bd6g3
27.Qe1d2 Bg3xf2
28.Qd2xf2 Rc7xc2
29.Qf2xc2 Rc8xc2
30.Kxc2 a5
{ resign }
0-1

[Event "Tourn. n7912"]
[Site "www.chess-mail.com"]
[Date "2014.12.29"]
[Round "1"]
[White "Krasin"]
[Black "Badplayer"]
[WhiteElo "2250"]
[BlackElo "2150"]
[Result "0-1"]
[Round "1"]
1.e4 c5
2.c3 Nb8c6
3.Ng1f3 d6
4.Bf1c4 e6
5.O-O a6
6.a4 Bf8e7
7.d4 cxd4
8.cxd4 Be7f6
9.Nb1c3 Ng8e7
10.Bc1f4 Ne7g6
11.Bf4xd6 Qd8xd6
12.e5 Nc6xe5
13.dxe5 Qd6xd1
14.Ra1xd1 Ng6xe5
15.Bc4d5 Ne5xf3
16.Bd5xf3 Bf6xc3
17.bxc3 Ke7
18.a5 Rh8d8
19.Rd1b1 Ra8b8
20.Rb1b4 Rd8d3
21.Rf1c1 f5
22.Kf1 Bc8d7
23.c4 Rd3a3
24.Rc1b1 Ra3xa5
25.Rb4xb7 Rb8xb7
26.Rb1xb7 Ra5c5
27.Bf3e2 a5
28.Ke1 a4
29.Rb7a7 Kd6
30.Kd2 g6
31.Kc3 Rc5c7
32.Ra7xc7 Kxc7
33.Kb4 Kd6
34.f4 e5
35.fxe5 Kxe5
36.Be2f3 Kd4
37.c5 a3
38.Kxa3 Kxc5
39.Kb3 Bd7e6
40.Kc3 Be6d5
41.Kd3 Bd5xf3
42.gxf3 g5
43.Ke3 Kd5
44.Kf2 h5
45.Kg3 g4
46.fxg4 hxg4
47.h4 gxh3
48.Kxh3 Ke4
49.Kg2 Ke3
50.Kf1 Kf3
{ resign }
0-1

[Event "Tourn. n7833"]
[Site "www.chess-mail.com"]
[Date "2014.12.29"]
[Round "1"]
[White "Hali"]
[Black "Sontuozio"]
[WhiteElo "2250"]
[BlackElo "2150"]
[Result "1-0"]
[Round "1"]
1.e4 e6
2.d4 d5
3.Nb1c3 dxe4
4.Nc3xe4 Nb8d7
5.Bf1b5 c6
6.Bb5c4 Ng8f6
7.Bc1g5 Bf8e7
8.Ne4g3 h6
9.Bg5e3 b5
10.Bc4b3 Bc8b7
11.Ng1f3 c5
12.c3 c4
13.Bb3c2 a6
14.O-O O-O
15.Qd1d2 Nf6g4
16.Be3f4 Nd7b6
17.h3 Bb7xf3
18.hxg4 Bf3xg4
19.Bf4xh6 Nb6d5
20.Bh6e3 Be7d6
21.Ng3e4 Bd6c7
22.Be3g5 Qd8d7
23.Ra1e1 Bg4h5
24.Ne4c5 Qd7d6
25.g3 Bh5g4
26.Re1e4 f5
27.Re4xe6 Nd5f4
28.Re6xd6 Nf4h3
29.Kg2 Bc7xd6
30.Bg5h4 Rf8e8
31.f3 Bd6xc5
32.dxc5 Re8e6
33.Qd2d5 Ra8e8
34.fxg4 fxg4
35.Bc2f5 { resign }
1-0

[Event "Match"]
[Site "www.echecsemail.com"]
[Date "2014.12.29"]
[Round "1"]
[White "Carlosgm"]
[Black "Spartacus42"]
[WhiteElo "1809"]
[BlackElo "1809"]
[Result "0-1"]
[Round "1"]
1.e4 c6
2.d4 d5
3.exd5 cxd5
4.Bf1d3 Nb8c6
5.c3 Ng8f6
6.Bc1f4 Bc8g4
7.Qd1b3 Nc6a5
8.Qb3a4 Na5c6
 { time }
0-1

[Event "Match"]
[Site "www.echecsemail.com"]
[Date "2014.12.29"]
[Round "1"]
[White "Castletyme"]
[Black "Mdesouza"]
[WhiteElo "1860"]
[BlackElo "1970"]
[Result "0-1"]
[Round "1"]
1.e4 e6
2.Bf1c4 d5
3.exd5 exd5
4.Bc4d3 Ng8f6
5.Ng1f3 Bc8g4
6.O-O Bf8e7
7.Rf1e1 Nb8c6
8.c3 O-O
9.Kh1 Qd8d6
10.Qd1b3 Bg4xf3
11.gxf3 Qd6f4
12.Bd3e2 Be7d6
 { time }
0-1